书目信息 |
| 题名: |
大学俄语基础词汇构词链
|
|
| 作者: | 陈国亭 主编 | |
| 分册: | ||
| 出版信息: | 哈尔滨 哈尔滨工业大学出版社 1999.06 |
|
| 页数: | 537页 | |
| 开本: | 32开 | |
| 丛书名: | ||
| 单 册: | ||
| 中图分类: | H353 | |
| 科图分类: | ||
| 主题词: | 俄语 | |
| 电子资源: | ||
| ISBN: | 7-5603-1394-9 | |
| 000 | 00573nam0 2200193 45 | |
| 001 | 0103211481 | |
| 005 | 20010323094418.8 | |
| 010 | @a7-5603-1394-9@d25.00元 | |
| 100 | @a20010321d1999 km y0chiy0120 ea | |
| 101 | 0 | @achi |
| 105 | @a z 000yy | |
| 200 | 1 | @a大学俄语基础词汇构词链@ADa Xue E Yu Ji Chu Ci Hui Gou Ci Lian@f陈国亭主编@FChen Guo Ting Zhu Bian |
| 210 | @a哈尔滨@c哈尔滨工业大学出版社@d1999.06 | |
| 215 | @a537页@d32开 | |
| 606 | 0 | @a俄语 |
| 690 | @aH353@v3 | |
| 701 | 0 | @a陈国亭@4主编 |
| 801 | @aCN@bPftUser@c20010321 | |
| 905 | @dH353@eCH835/1@b331640-642@f3 | |
| 大学俄语基础词汇构词链/陈国亭主编.-哈尔滨:哈尔滨工业大学出版社,1999.06 |
| 537页;32开 |
| ISBN 7-5603-1394-9:25.00元 |
| ● |
| 相关链接 |
|
|
|
正题名:大学俄语基础词汇构词链
索取号:H353/CH835/1
 
预约/预借
| 序号 | 登录号 | 条形码 | 馆藏地/架位号 | 状态 | 备注 |
| 1 | 331640 | 203316401 | 语言库209/209语言库 122排1列1层/ [索取号:H353/CH835/1] | 在馆 | |
| 2 | 331641 | 203316410 | 社科二线400B/209语言库 122排1列1层/ [索取号:H353/CH835/1] | 在馆 | |
| 3 | 331642 | 203316429 | 语言库209/209语言库 122排1列1层/ [索取号:H353/CH835/1] | 在馆 |